000 00790nam a2200253 a 4500
005 20200104041535.0
008 140306b2005 nju||||| |||| 00| 0 eng d
020 _a9780471468998
040 _aCO-BoIAVH
_cCO-BoIAVH
041 _aeng
044 _axxu
082 _a526.0285
_bW87s
100 1 _aWong, David W.
245 1 0 _aStatistical analysis of geographic information:
_bwith ArcView GIS and ArcGIS.
260 _aNew Jersey:
_bJohn Wiley and Sons,
_c2005.
300 _a441 páginas.
_c24 centímetros.
650 2 6 _aSistemas de información geográfica
_xgeografía matemática
650 1 6 _aEstadística
650 1 4 _aGeoestadística
650 1 4 _aArcView
650 1 4 _aArcGis
700 1 _aLee, Jay
942 _cLIBRO
_2ddc
999 _c2669
_d2669